000 00333nam a2200133Ia 4500
008 220524s9999 xx 000 0 und d
041 _aeng
082 _a001.4
100 _aSimon Seivewright
_92979
245 _aResearch and Design (Basics fashion design)
260 _bAVA Publishing SA
650 _aResearch
_92980
906 _a390
999 _c5121
_d5121